| 000 | 00686nam a22002177a 4500 | ||
|---|---|---|---|
| 005 | 2010090601441.0 | ||
| 008 | 100906t xxu||||| |||| 00| 0 eng d | ||
| 010 | _aENG-101430 | ||
| 020 | _c150.00 | ||
| 035 | _aEN-84963 | ||
| 037 | _bDBAD/PUB | ||
| 040 |
_aDpl _bEng |
||
| 082 | _aN | ||
| 100 |
_aRoy,Nimai _918564 |
||
| 245 |
_aGlobalisation / _cby Nimai Roy |
||
| 260 |
_aBehala _bBehala Nobel Mission _c2010 |
||
| 270 |
_a30,Dhalipara Road,(Ramakrishna Sarani) _bBehala, Kolkata _e700060 |
||
| 300 |
_aiv,144p. _b23cm (Hb) |
||
| 942 |
_2ddc _cEN _hN _mROY |
||
| 999 |
_c43978 _d43978 |
||